Loading...
| Science - Physics | 0 | 7 | 0 | 2 | 70 | 50 | 86.14 | 0 | 4 | 13.52 | 29.40 |
| Literature - British | 0 | 6 | 0 | 0 | 60 | 25 | 49.50 | 3 | 6 | 33.68 | 50.00 |
| Literature - American | 0 | 6 | 1 | 0 | 55 | 17 | 35.50 | 6 | 6 | 42.31 | 57.50 |
| Literature - European | 0 | 6 | 1 | 0 | 55 | 56 | 90.33 | 2 | 6 | 13.90 | 52.50 |
| Literature - World | 0 | 6 | 2 | 0 | 50 | 49 | 83.33 | 3 | 5 | 17.45 | 46.67 |
| Philosophy | 0 | 4 | 0 | 0 | 40 | 87 | 98.00 | 0 | 0 | 3.10 | 13.39 |
| Fine Arts - Classical Music | 0 | 3 | 0 | 0 | 30 | 104 | 110.33 | 0 | 3 | 2.28 | 10.48 |
| Fine Arts - Other | 0 | 3 | 0 | 0 | 30 | 74 | 88.00 | 0 | 3 | 4.60 | 25.48 |
| Science - Other | 0 | 3 | 0 | 0 | 30 | 64 | 76.67 | 1 | 3 | 10.23 | 18.33 |
| Mythology | 0 | 3 | 1 | 0 | 25 | 61 | 65.33 | 2 | 3 | 12.27 | 25.83 |
| History - World | 0 | 3 | 1 | 0 | 25 | 56 | 84.00 | 0 | 2 | 6.00 | 14.05 |
| Popular Culture | 0 | 2 | 0 | 1 | 20 | 29 | 74.00 | 0 | 1 | 12.70 | 18.25 |
| Fine Arts - Painting and Sculpture | 0 | 3 | 2 | 0 | 20 | 82 | 90.00 | 0 | 2 | 7.70 | 19.05 |
| History - American | 0 | 1 | 0 | 0 | 10 | 94 | 94.00 | 0 | 0 | 1.21 | 3.33 |
| Science - Chemistry | 0 | 2 | 2 | 0 | 10 | 68 | 80.50 | 0 | 0 | 3.20 | 7.38 |
| Religion | 0 | 1 | 1 | 0 | 5 | 86 | 86.00 | 1 | 1 | 2.39 | 10.00 |
| Science - Biology | 0 | 1 | 1 | 1 | 5 | 100 | 100.00 | 0 | 0 | 0.38 | 1.67 |
| History - Other | 0 | 1 | 2 | 0 | 0 | 101 | 101.00 | 0 | 1 | 0.10 | 7.50 |
| Social Science | 0 | 1 | 3 | 0 | -5 | 33 | 33.00 | 1 | 1 | 9.16 | 14.29 |
| Geography | 0 | 0 | 1 | 0 | -5 | 0.00 | 0 | 0 | 0.00 | 0.00 |